000 00965cam a2200217 4500
001 WB@3612-26
008 040714n2004 000 0 eng u
035 _a(Sirsi) u126776
245 _aBuilding construction duration calculator
260 _c2004
490 _aRICS News Servicev12 July 2004 (1)
520 _aBCIS has developed a forecast calculator for building construction duration. According to the DTI almost 40% of construction projects overran during their construction phrase. This important new tool for early advice provides a way to benchmark construction duration estimates in this problematic area. http://www.rics.org/ricscms/bin/show?class=News&te mplate=/includes/print/shownews.html&id=9420&facul ty=RICS
590 _aWB
590 _aWB
650 _aCONSTRUCTION CONTRACTS
650 _aPROJECT MANAGEMENT
_96261
650 _aBUILDING CONTRACTS
650 _aFORECASTING
690 _aBUILDING AND CONSTRUCTION
942 _n0
999 _c117696
_d117696